000 00549nam a2200205Ia 4500
005 20250508164458.0
008 008 250505s9999 xx 000 0 eng d
037 _aTextual
040 _aFEDL
_beng
_cFEDL
041 _aeng
_2eng
084 _a306, IND
_qFEDL
245 0 _aOur cultural fabric : Indian poetesses past and present Part 2
245 0 _cIndia. Education (Ministry of )
260 _c1977
300 _a50p.
365 _aINR
_b4.25
650 _aCulture
942 _cTEXL
_h306, IND
999 _c1389336
_d1389336